000 00369 a2200133 4500
000 nam a22 7a 4500
100 _aAgnihotri, Vibha
110 _aAgnihotri, Vibha
245 _aJyotish Shastra me Navgrah Shanti evam Upchar
250 _aLatest edition
260 _bSaryam Publishing House
_c2023
264 _bSaryam Publishing House
_c2023
942 _cBK
999 _c395881
_d395881